Detalles MARC
| 000 -ENCABEZADO |
| Número de control [NR] |
01249 a2200313 4500 |
| 005 - FECHA Y HORA DE LA ÚLTIMA TRANSACCIÓN |
| control field |
20180312141950.0 |
| 008 - DE LONGITUD FIJA DE DATOS DE ELEMENTOS - INFORMACIÓN GENERAL |
| Elementos de longitud fija [NR] |
131030s2001 ck ao br|||| 00| 0 spa d |
| 020 ## - NUMERO INTERNACIONAL NORMALIZADO PARA LIBROS [R] |
| Número Internacional Normalizado del libro [NR] |
9584201409 (Obra completa) |
| 020 ## - NUMERO INTERNACIONAL NORMALIZADO PARA LIBROS [R] |
| Número Internacional Normalizado del libro [NR] |
9584201425 (V.2) |
| 020 ## - NUMERO INTERNACIONAL NORMALIZADO PARA LIBROS [R] |
| Número Internacional Normalizado del libro [NR] |
9584201433 (V.3) |
| 020 ## - NUMERO INTERNACIONAL NORMALIZADO PARA LIBROS [R] |
| Número Internacional Normalizado del libro [NR] |
9584201441 (V.4) |
| 020 ## - NUMERO INTERNACIONAL NORMALIZADO PARA LIBROS [R] |
| Número Internacional Normalizado del libro [NR] |
9584201477 (V.1) |
| 040 ## - FUENTE DE CATALOGACION [NR] |
| Agencia de catalogación original [NR] |
CO-BoUCM |
| Idioma de catalogación [NR] |
spa |
| Quien Cataloga |
Jose A. Gerena |
| Quien Clasifica |
Diana Londoño |
| 041 00 - CODIGO DE IDIOMA [R] |
| Código de idioma para texto/pista de sonido o título separado [R] |
Español |
| 245 03 - MENCION DE TITULO [NR] |
| Título [NR] |
El maravilloso mundo de los animales |
| Mención de responsabilidad, etc. [NR] |
Disney enterprises |
| 260 ## - PUBLICACION, DISTRIBUCION, ETC. (PIE DE IMPRENTA) [R] |
| Fecha de publicación, distribución, etc. [R] |
2001 |
| Nombre del editor, distribuidor, etc. [R] |
Planeta |
| Lugar de publicación, distribución, etc. [R] |
Bogotá (Colombia) |
| 300 ## - DESCRIPCION FISICA [R] |
| Extensión [R] |
5 volúmenes |
| Otros detalles físicos [NR] |
ilustracionesa a color, fotografías |
| 505 ## - NOTA DE CONTENIDO CON FORMATO PREESTABLECIDO [R] |
| Información miscelánea [R] |
V.1 |
| State manifest and birth record (1764-1977). |
Los leones, los osos, los elefantes, los chimpancés |
| 505 ## - NOTA DE CONTENIDO CON FORMATO PREESTABLECIDO [R] |
| Información miscelánea [R] |
V.2 |
| State manifest and birth record (1764-1977). |
Los tigres, los pingüinos, los lobos, las focas |
| 505 ## - NOTA DE CONTENIDO CON FORMATO PREESTABLECIDO [R] |
| Información miscelánea [R] |
V.3 |
| State manifest and birth record (1764-1977). |
Los leopardos, los delfines, los monos, los ciervos |
| 505 ## - NOTA DE CONTENIDO CON FORMATO PREESTABLECIDO [R] |
| Información miscelánea [R] |
V.4 |
| State manifest and birth record (1764-1977). |
Los canguros, los cocodrilos, las aguilas, las tortugas |
| 505 ## - NOTA DE CONTENIDO CON FORMATO PREESTABLECIDO [R] |
| Información miscelánea [R] |
V.5 |
| State manifest and birth record (1764-1977). |
Los suricatos, las ballenas, las lechuzas, los hipopótamos |
| 650 #7 - ASIENTO SECUNDARIO DE MATERIA - TERMINO TEMATICO [R] |
| 9 (RLIN) |
12283 |
| Término temático o nombre geográfico como elemento de entrada [NR] |
Cuentos infantiles |
| 650 #7 - ASIENTO SECUNDARIO DE MATERIA - TERMINO TEMATICO [R] |
| 9 (RLIN) |
9115 |
| Término temático o nombre geográfico como elemento de entrada [NR] |
Animales en la literatura |
| 690 ## - ASUNTO AGREGADO LOCAL DE ENTRADA - TÉRMINO TEMÁTICO (OCLC, RLIN) |
| 9 (RLIN) |
42862 |
| Acceso temático local |
Literatura estadounidense |
| 710 2# - ASIENTO SECUNDARIO - NOMBRE CORPORATIVO [R] |
| Nombre corporativo o de jurisdicción como elemento de entrada [NR] |
Disney enterprises |
| 9 (RLIN) |
49467 |
| 942 ## - ELEMENTOS DE ENTRADA AGREGADOS (KOHA) |
| Tema principal |
Literatura |
| Tipo de ítem principal el descrito en 300a |
Libro |
| Edición |
1 |
| Parte restante de la signatura top. |
M311 |
| Sistema de clasificación |
DEWEY |
| Clasificación |
808.8036 |
| Título oculto en OPAC |
No |